000 00911nam a2200217Ia 4500
003 GCL
008 140319s9999 xx 000 0 ara d
020 _a9831901977
040 _aGCL /
_cGCL
082 0 4 _aق
_b327.62063
_bس ع
100 1 _aانتونى سوريال عبد المسيح
245 1 0 _aالعلاقات المصرية الاثيوبية ( 1855 - 1935 م ) /
_cانتونى سوريال عبد المسيح
260 _aالقاهرة :
_bالهيئة المصرية العامة للكتاب ،
_c2003
300 _a396 ص ؛
_c16 سم
490 _aتاريخ المصريين
_v234
650 0 4 _aاثيوبيا - تاريخ - العصر الحديث
650 0 4 _aمصر - تاريخ - العصر الحديث - الاحتلال البريطانى
650 0 4 _aالسياسة الخارجية - مصر
650 0 4 _aمصر - تاريخ - العصر الحديث
942 _2ddc
_cBK
999 _c34378
_d34378